[Event "4NCL/Div2a/BARY vs. PPA1"]
[Site "Hinckley Island ENG"]
[Date "2008.12.07"]
[Round "4.1"]
[White "Coleman, David"]
[Black "Posazhennikov, Alex"]
[Result "1-0"]
[WhiteElo "2209"]
[BlackElo "2270"]
[PlyCount "97"]
[EventDate "2008.12.07"]
[SourceDate "2008.10.04"]

1. e4 Nf6 2. e5 Nd5 3. c4 Nb6 4. d4 d6 5. exd6 cxd6 6. Nc3 g6 7. Be3 Bg7 8. b3
O-O 9. Rc1 Bf5 10. h3 d5 11. c5 Nc8 12. Nf3 Nc6 13. Be2 Be4 14. O-O Bxf3 15.
Bxf3 e6 16. Qd2 N8e7 17. Bd1 Qa5 18. Bc2 e5 19. Ne2 Qxd2 20. Bxd2 exd4 21. b4
Rfc8 22. Rfe1 b5 23. cxb6 axb6 24. Bb3 Rd8 25. Nf4 Rac8 26. Nd3 Nf5 27. Bg5 f6
28. Bf4 Bf8 29. Bd2 Na7 30. a4 Kf7 31. Nf4 Ne7 32. Rxc8 Naxc8 33. Ne6 Rd6 34.
Nxd4 Bg7 35. Bf4 Rd7 36. b5 f5 37. Nc6 Bc3 38. Rc1 Bf6 39. Nb8 Rd8 40. Nc6 Rd7
41. Nb8 Ra7 42. Be3 Ke8 43. Nc6 Rc7 44. Rc2 Nxc6 45. Bxd5 Bd8 46. Bxc6+ Kf7 47.
Bf4 Ne7 48. Bxc7 Bxc7 49. Be8+ 1-0

[Event "4NCL/Div2a/BARY vs. PPA1"]
[Site "Hinckley Island ENG"]
[Date "2008.12.07"]
[Round "4.2"]
[White "Swanson, Stephen"]
[Black "Manley, Jon P"]
[Result "1-0"]
[WhiteElo "2225"]
[BlackElo "2156"]
[PlyCount "85"]
[EventDate "2008.12.07"]
[SourceDate "2008.10.04"]

1. e4 e5 2. Nc3 Nf6 3. f4 d5 4. fxe5 Nxe4 5. Qf3 Nc6 6. Bb5 Nxc3 7. dxc3 Qh4+
8. g3 Qe4+ 9. Qxe4 dxe4 10. Bxc6+ bxc6 11. Ne2 c5 12. c4 Bg4 13. Nc3 O-O-O 14.
O-O Bf3 15. Bg5 f6 16. exf6 h6 17. Rxf3 exf3 18. fxg7 Bxg7 19. Bxd8 Rxd8 20.
Rd1 Re8 21. Rd3 Re1+ 22. Kf2 Rh1 23. Kxf3 Rxh2 24. Ne2 Bxb2 25. Rd5 a5 26. a4
Ba3 27. Rd3 Bb2 28. Rd5 Ba3 29. Rd1 h5 30. c3 h4 31. g4 Rh3+ 32. Ke4 Rh2 33.
Kd3 Rh3+ 34. Kd2 Rh2 35. Kd3 Rh3+ 36. Kd2 Rh2 37. g5 Bb2 38. Kd3 Rh3+ 39. Kc2
Re3 40. Kd2 Re5 41. g6 h3 42. g7 Re8 43. Rf1 1-0

[Event "4NCL/Div2a/BARY vs. PPA1"]
[Site "Hinckley Island ENG"]
[Date "2008.12.07"]
[Round "4.3"]
[White "Sen, Subin"]
[Black "Dargan, Paul"]
[Result "0-1"]
[WhiteElo "2073"]
[BlackElo "2207"]
[PlyCount "122"]
[EventDate "2008.12.07"]
[SourceDate "2008.10.04"]

1. Nf3 c5 2. c4 Nc6 3. d4 cxd4 4. Nxd4 g6 5. e4 Bg7 6. Be3 Nf6 7. Nc3 d6 8. Be2
O-O 9. O-O Bd7 10. f3 Nxd4 11. Bxd4 a5 12. Qd2 Bc6 13. Rfd1 Nd7 14. Be3 Nc5 15.
Rab1 a4 16. b4 axb3 17. axb3 Qc7 18. b4 Ra3 19. bxc5 Bxc3 20. Qc1 Rfa8 21. cxd6
exd6 22. Rd3 Qa5 23. Rxd6 Qh5 24. Rd3 Be5 25. h3 Ra1 26. Bf1 Rxb1 27. Qxb1 Qh4
28. Bf2 Bh2+ 29. Kxh2 Qxf2 30. Qd1 Kg7 31. Rd2 Qc5 32. g3 Qe5 33. Bg2 Ra1 34.
Qc2 f6 35. Qd3 g5 36. Qd4 Rc1 37. Qe3 Rxc4 38. f4 Qc5 39. Qxc5 Rxc5 40. Re2 b5
41. e5 Bxg2 42. exf6+ Kxf6 43. fxg5+ Kxg5 44. Kxg2 b4 45. Rb2 Rc4 46. Rb3 Kf5
47. Kf3 Ke5 48. Ke3 Kd5 49. Rb1 Kc5 50. h4 Rg4 51. Kf3 h5 52. Ra1 b3 53. Ra5+
Kc6 54. Rxh5 Rb4 55. Re5 b2 56. Re1 b1=Q 57. Rxb1 Rxb1 58. Kf4 Kd6 59. g4 Ke6
60. Kg5 Kf7 61. Kh6 Rb6+ 0-1

[Event "4NCL/Div2a/BARY vs. PPA1"]
[Site "Hinckley Island ENG"]
[Date "2008.12.07"]
[Round "4.4"]
[White "Goodger, Martyn"]
[Black "Bhatia, Kanwal K"]
[Result "1-0"]
[WhiteElo "2164"]
[BlackElo "2065"]
[PlyCount "69"]
[EventDate "2008.12.07"]
[SourceDate "2008.10.04"]

1. e4 e5 2. Nf3 Nc6 3. d4 exd4 4. Nxd4 Bc5 5. Be3 Qf6 6. Nb5 Bxe3 7. fxe3 Qxb2
8. N1c3 Qb4 9. Nxc7+ Kd8 10. Qd2 Rb8 11. N7d5 Qc5 12. Rb1 Nge7 13. Rb5 Qd6 14.
Be2 Ne5 15. Nxe7 Qxe7 16. Qd4 f6 17. Qxa7 Nc6 18. Qb6+ Ke8 19. O-O d6 20. Bh5+
Kf8 21. e5 dxe5 22. Nd5 Qd6 23. Rd1 g6 24. Be2 Qe6 25. Bc4 Kg7 26. Qc7+ Kh6 27.
e4 Rd8 28. Rb3 Rd7 29. Qb6 Kg7 30. Rf3 Rd6 31. Qf2 Qd7 32. Rxf6 Nd8 33. Rf1 Ra8
34. Nb6 Qc6 35. Rxd6 1-0

[Event "4NCL/Div2a/BARY vs. PPA1"]
[Site "Hinckley Island ENG"]
[Date "2008.12.07"]
[Round "4.5"]
[White "O'Toole, George E"]
[Black "Byway, Paul"]
[Result "1-0"]
[WhiteElo "2054"]
[BlackElo "2154"]
[PlyCount "115"]
[EventDate "2008.12.07"]
[SourceDate "2008.10.04"]

1. e4 c5 2. c3 Nf6 3. e5 Nd5 4. d4 cxd4 5. Nf3 e6 6. cxd4 d6 7. Nc3 dxe5 8.
Nxe5 Nc6 9. Nf3 Be7 10. Bd3 O-O 11. O-O Nxc3 12. bxc3 b6 13. Re1 Bb7 14. h4 Bf6
15. Ng5 g6 16. Qg4 Nxd4 17. cxd4 Bxd4 18. Rb1 Bxf2+ 19. Kxf2 Qxd3 20. Bb2 Rac8
21. Nf3 Rc2+ 22. Kg1 f5 23. Qf4 Bxf3 24. gxf3 Qd2 25. Qxd2 Rxd2 26. Rxe6 Rc8
27. Be5 Rcc2 28. Bf4 Re2 29. Rxe2 Rxe2 30. a4 Ra2 31. Rb4 Kf7 32. Bb8 a6 33.
Bc7 b5 34. axb5 axb5 35. Rxb5 Ra4 36. Bg3 h6 37. Rb6 Ra1+ 38. Kg2 Ra2+ 39. Bf2
h5 40. f4 Ra4 41. Kf3 Rc4 42. Rd6 Ra4 43. Bc5 Rc4 44. Bd4 Ra4 45. Be5 Ra3+ 46.
Ke2 Rg3 47. Bf6 Rh3 48. Bg5 Ra3 49. Rd7+ Ke6 50. Rg7 Kd5 51. Rxg6 Ra2+ 52. Kd3
Ra3+ 53. Kc2 Ke4 54. Rc6 Ra2+ 55. Kb3 Rh2 56. Rc3 Rf2 57. Kb4 Rd2 58. Rc5 1-0

[Event "4NCL/Div2a/BARY vs. PPA1"]
[Site "Hinckley Island ENG"]
[Date "2008.12.07"]
[Round "4.6"]
[White "Borman, Philip J"]
[Black "Wells, Daniel"]
[Result "1-0"]
[WhiteElo "2215"]
[BlackElo "2012"]
[PlyCount "48"]
[EventDate "2008.12.07"]
[SourceDate "2008.10.04"]

1. d4 Nf6 2. Bf4 g6 3. e3 Bg7 4. Nf3 d6 5. Be2 O-O 6. O-O Nbd7 7. h3 c5 8. c3
a6 9. Nbd2 b5 10. a4 Rb8 11. axb5 axb5 12. Bh2 Bb7 13. Qc2 Qb6 14. e4 Rfc8 15.
d5 c4 16. Bf4 Nc5 17. Be3 Nfd7 18. Nd4 Ne5 19. N2f3 b4 20. Nxe5 dxe5 21. Nf3
bxc3 22. Qxc3 Qb3 23. Nd2 Na4 24. Qxb3 cxb3 1-0

[Event "4NCL/Div2a/BARY vs. PPA1"]
[Site "Hinckley Island ENG"]
[Date "2008.12.07"]
[Round "4.7"]
[White "Cumming, Rhys"]
[Black "Richter, Hans"]
[Result "0-1"]
[WhiteElo "1894"]
[BlackElo "2144"]
[PlyCount "88"]
[EventDate "2008.12.07"]
[SourceDate "2008.10.04"]

1. e4 e6 2. d4 d5 3. e5 c5 4. c3 Qb6 5. Nf3 Nc6 6. Be2 Nh6 7. Bxh6 Qxb2 8. Be3
cxd4 9. Bxd4 Qxa1 10. Qb3 Ba3 11. Bd3 Bc1 12. O-O Qb2 13. Qxb2 Bxb2 14. Be3 Bd7
15. Re1 Rc8 16. Bf1 Na5 17. Nd4 O-O 18. Nb5 Bxb5 19. Bxb5 Nc4 20. Bxc4 Rxc4 21.
Bd4 Rfc8 22. f4 Ra4 23. Re2 Rxd4 24. Rxb2 Rd1+ 25. Kf2 b6 26. a4 d4 27. Ke2
dxc3 28. Nxc3 Rc1 29. Nb5 R8c2+ 30. Rxc2 Rxc2+ 31. Kf3 Ra2 32. Nxa7 Ra3+ 33.
Kg4 Rxa4 34. Nb5 f6 35. exf6 gxf6 36. g3 Kf7 37. Nd6+ Kg6 38. h4 h5+ 39. Kf3
Rd4 40. f5+ exf5 41. Nc8 Kf7 42. Nxb6 Ke6 43. Ke3 Rg4 44. Kf3 Rb4 0-1

[Event "4NCL/Div2a/BARY vs. PPA1"]
[Site "Hinckley Island ENG"]
[Date "2008.12.07"]
[Round "4.8"]
[White "Mountford, Corinne"]
[Black "Ynojosa, Angelica M"]
[Result "0-1"]
[WhiteElo "1650"]
[BlackElo "1725"]
[PlyCount "74"]
[EventDate "2008.12.07"]
[SourceDate "2008.10.04"]

1. d4 d5 2. Bf4 Nf6 3. e3 Bf5 4. h3 e6 5. Nf3 h6 6. Nbd2 Be7 7. c4 c6 8. a3 O-O
9. Be2 Nbd7 10. O-O dxc4 11. Bxc4 Nb6 12. Ba2 a5 13. Bb1 Bxb1 14. Qxb1 Nbd5 15.
Bh2 b5 16. e4 Nb6 17. e5 Nfd5 18. Rc1 Rc8 19. Ne4 Nc4 20. Qa2 a4 21. Rxc4 bxc4
22. Qxc4 Qb6 23. Qc2 Rb8 24. Rf1 Qxb2 25. Qxa4 Qxa3 26. Qxa3 Bxa3 27. g4 Rb3
28. Kg2 Rfb8 29. Bg3 Rd3 30. Nc5 Rc3 31. Ne4 Rc2 32. Ned2 Rbb2 33. Rd1 Bb4 34.
Ne4 Ne3+ 35. Kh2 Nxd1 36. h4 Rb3 37. Nfd2 Bxd2 0-1

[Event "4NCL/Div2a/BRJ vs. PANDG"]
[Site "Hinckley Island ENG"]
[Date "2008.12.07"]
[Round "4.1"]
[White "Richmond, Peter A"]
[Black "Ashton, Adam G"]
[Result "1-0"]
[WhiteElo "2244"]
[BlackElo "2325"]
[PlyCount "65"]
[EventDate "2008.12.07"]
[SourceDate "2008.10.04"]

1. d4 d5 2. Nc3 Nf6 3. Bg5 Nbd7 4. e3 c6 5. f4 b5 6. Bd3 b4 7. Nce2 c5 8. c3
bxc3 9. bxc3 Qa5 10. Nf3 Ba6 11. Bxf6 Nxf6 12. O-O e6 13. f5 exf5 14. Bxf5 Bd6
15. dxc5 Bxc5 16. Nfd4 O-O 17. Rf3 Rfe8 18. Bd3 Bxd3 19. Qxd3 Ne4 20. Raf1 f6
21. Nb3 Qxa2 22. Qxd5+ Kh8 23. Nf4 Ng5 24. Nxc5 Qxd5 25. Nxd5 Nxf3+ 26. gxf3
Rec8 27. Nd3 Rab8 28. Ra1 Rb7 29. e4 Kg8 30. Kf2 Kf7 31. Ke3 Rc6 32. Kd4 a6 33.
N3b4 1-0

[Event "4NCL/Div2a/BRJ vs. PANDG"]
[Site "Hinckley Island ENG"]
[Date "2008.12.07"]
[Round "4.2"]
[White "Bentley, John L"]
[Black "Headlong, Timothy"]
[Result "1/2-1/2"]
[WhiteElo "2227"]
[BlackElo "2198"]
[PlyCount "87"]
[EventDate "2008.12.07"]
[SourceDate "2008.10.04"]

1. e4 c5 2. Nf3 Nc6 3. Bb5 g6 4. Bxc6 dxc6 5. d3 Bg7 6. h3 Nf6 7. Nc3 Nd7 8.
Be3 e5 9. Qd2 h6 10. a3 Qe7 11. O-O Nf8 12. b4 cxb4 13. axb4 a6 14. b5 Ne6 15.
bxc6 bxc6 16. Na4 Bb7 17. Rfb1 h5 18. Qb4 Qxb4 19. Rxb4 Bc8 20. Rc4 O-O 21. Nb6
Rb8 22. Nxc8 Rfxc8 23. Rxa6 c5 24. Ra5 Rb1+ 25. Kh2 Rb4 26. Nd2 Bf8 27. g3 Rcb8
28. Rxb4 Rxb4 29. Nc4 f6 30. Ra6 Kf7 31. Ra7+ Kg8 32. f4 exf4 33. gxf4 Rb1 34.
Ra6 Kf7 35. Kg2 Re1 36. Ra7+ Kg8 37. Ra6 Kf7 38. Kf2 Rh1 39. Ra7+ Kg8 40. Ra6
Kf7 41. c3 Rxh3 42. Ra7+ Kg8 43. Nb6 Rh2+ 44. Kg3 1/2-1/2

[Event "4NCL/Div2a/BRJ vs. PANDG"]
[Site "Hinckley Island ENG"]
[Date "2008.12.07"]
[Round "4.3"]
[White "Hall, Daniel J"]
[Black "Walton, Alan J"]
[Result "1-0"]
[WhiteElo "2123"]
[BlackElo "2193"]
[PlyCount "65"]
[EventDate "2008.12.07"]
[SourceDate "2008.10.04"]

1. e4 e6 2. d4 d5 3. Nc3 Nf6 4. Bg5 Be7 5. e5 Nfd7 6. Bxe7 Qxe7 7. f4 O-O 8.
Nf3 c5 9. Qd2 Nc6 10. O-O-O Nb6 11. dxc5 Qxc5 12. Nd4 Bd7 13. Kb1 Rac8 14. h4
Na5 15. Nb3 Nxb3 16. cxb3 a5 17. a3 a4 18. b4 Qe7 19. Qd4 Nc4 20. f5 f6 21.
Bxc4 fxe5 22. Nxd5 Qe8 23. Qxe5 Rxf5 24. Qxf5 Rxc4 25. Qd3 exd5 26. Rhe1 Be6
27. Ka1 Qc6 28. Qe3 Re4 29. Qc5 Rxe1 30. Rxe1 Qd7 31. b5 d4 32. Qe5 Kf7 33.
Rf1+ 1-0

[Event "4NCL/Div2a/BRJ vs. PANDG"]
[Site "Hinckley Island ENG"]
[Date "2008.12.07"]
[Round "4.4"]
[White "Burrows, Martin P"]
[Black "Girdlestone, Paul"]
[Result "1/2-1/2"]
[WhiteElo "2196"]
[BlackElo "2100"]
[PlyCount "76"]
[EventDate "2008.12.07"]
[SourceDate "2008.10.04"]

1. e4 e5 2. Bc4 d6 3. Nf3 Qf6 4. Nc3 c6 5. h3 Be6 6. d3 Nd7 7. Qe2 h6 8. Bd2
Ne7 9. O-O-O Ng6 10. Kb1 b5 11. Bxe6 fxe6 12. Rde1 Be7 13. Nh2 Nf4 14. Bxf4
exf4 15. g3 b4 16. Nd1 fxg3 17. fxg3 Qe5 18. Nf3 Qc5 19. d4 Qb5 20. Qxb5 cxb5
21. e5 d5 22. Rhf1 Rf8 23. Ng1 O-O-O 24. Ne2 g5 25. g4 Nb6 26. b3 Kd7 27. Ne3
Nc8 28. Kc1 Rde8 29. Kd2 Bd8 30. Kd3 Bb6 31. Ng2 Ne7 32. Ng3 Rc8 33. Ne2 Nc6
34. Ne3 Ke7 35. Rxf8 Kxf8 36. Rf1+ Kg7 37. Nd1 Rf8 38. Rxf8 Kxf8 1/2-1/2

[Event "4NCL/Div2a/BRJ vs. PANDG"]
[Site "Hinckley Island ENG"]
[Date "2008.12.07"]
[Round "4.5"]
[White "Richmond, Jane"]
[Black "Cumbers, Paul"]
[Result "0-1"]
[WhiteElo "2145"]
[BlackElo "2165"]
[PlyCount "72"]
[EventDate "2008.12.07"]
[SourceDate "2008.10.04"]

1. d4 e6 2. e4 d5 3. Nc3 Nc6 4. Nf3 Nf6 5. e5 Ne4 6. Bd3 Bb4 7. Bd2 Nxd2 8.
Qxd2 f6 9. a3 Bxc3 10. Qxc3 fxe5 11. dxe5 O-O 12. h4 Qe7 13. Rh3 Bd7 14. Rg3
Rf4 15. Ng5 h6 16. Nh7 Kh8 17. O-O-O d4 18. Qd2 Rxh4 19. f4 Qf7 20. Rf3 Ne7 21.
Qf2 Qh5 22. g4 Rxg4 23. Qxd4 Bc6 24. Be4 Nf5 25. Bxf5 Qxf5 26. Ng5 hxg5 27.
Rh3+ Rh4 28. Rxh4+ gxh4 29. Qf2 g5 30. Rd4 Rf8 31. Qh2 Qg4 32. c3 Rxf4 33. Rd8+
Kg7 34. Kb1 Rf1+ 35. Ka2 Qc4+ 36. b3 Qxc3 0-1

[Event "4NCL/Div2a/BRJ vs. PANDG"]
[Site "Hinckley Island ENG"]
[Date "2008.12.07"]
[Round "4.6"]
[White "Birtwhistle, Nigel"]
[Black "Cabero, Pablo Padilla"]
[Result "1-0"]
[WhiteElo "2106"]
[BlackElo "2163"]
[PlyCount "64"]
[EventDate "2008.12.07"]
[SourceDate "2008.10.04"]

1. e4 Nf6 2. e5 Nd5 3. d4 c5 4. c3 d6 5. dxc5 dxc5 6. Bc4 e6 7. Qe2 Be7 8. Nf3
Nd7 9. O-O N7b6 10. Bd3 Bd7 11. a3 c4 12. Bxc4 Nxc4 13. Qxc4 Qb6 14. Qg4 h5 15.
Qe4 Bc6 16. Qe2 Qa5 17. Nd4 Rc8 18. c4 Nb6 19. Nd2 Ba4 20. b4 Qa6 21. b5 Qa5
22. Bb2 Nd7 23. Rac1 Nc5 24. Ne4 Rd8 25. Nd6+ Bxd6 26. exd6 Rxd6 27. Nf5 Rd2
28. Qe5 Nd3 29. Nxg7+ Kd7 30. Qd4+ Kc8 31. Bc3 Rd8 32. Qe3 Nxc1 1-0

[Event "4NCL/Div2a/BRJ vs. PANDG"]
[Site "Hinckley Island ENG"]
[Date "2008.12.07"]
[Round "4.7"]
[White "Bourne, Johnathan"]
[Black "Coates, David"]
[Result "1/2-1/2"]
[WhiteElo "2083"]
[BlackElo "2012"]
[PlyCount "41"]
[EventDate "2008.12.07"]
[SourceDate "2008.10.04"]

1. d4 Nf6 2. Bg5 Ne4 3. Bf4 c5 4. f3 Qa5+ 5. c3 Nf6 6. d5 Qb6 7. c4 g6 8. e4 d6
9. Nd2 Bg7 10. Rb1 O-O 11. Bd3 e6 12. Ne2 e5 13. Be3 a5 14. a3 Na6 15. O-O Ne8
16. Qc2 f5 17. f4 Nf6 18. h3 fxe4 19. Nxe4 Nxe4 20. Bxe4 Bd7 21. f5 1/2-1/2

[Event "4NCL/Div2a/BRJ vs. PANDG"]
[Site "Hinckley Island ENG"]
[Date "2008.12.07"]
[Round "4.8"]
[White "Milson, Samuel"]
[Black "Streeter, Harry"]
[Result "1/2-1/2"]
[WhiteElo "1955"]
[BlackElo "1924"]
[PlyCount "95"]
[EventDate "2008.12.07"]
[SourceDate "2008.10.04"]

1. e4 c5 2. Nc3 Nc6 3. g3 g6 4. Bg2 Bg7 5. Nge2 e6 6. d3 Nge7 7. Be3 d6 8. f4
O-O 9. O-O b6 10. d4 Ba6 11. Rf2 Qc7 12. a4 Rad8 13. Nb5 Bxb5 14. axb5 Na5 15.
c3 d5 16. e5 c4 17. Nc1 Rc8 18. g4 Qd7 19. h4 Qxb5 20. Bh3 Qd7 21. Qf3 Nac6 22.
Ne2 f5 23. g5 a5 24. h5 Rf7 25. Rh2 b5 26. Bg2 b4 27. Qh3 Kf8 28. hxg6 hxg6 29.
Bf3 Rb8 30. Qh7 Bxe5 31. Qh4 Bg7 32. Qf2 Nc8 33. Rh7 Nd6 34. Kg2 Ke8 35. Rah1
Kd8 36. Qh4 Kc7 37. Bd2 Ne4 38. Bxe4 dxe4 39. Qf2 bxc3 40. Bxc3 Qd5 41. Qe3 Rd7
42. Rd1 Nb4 43. Rd2 Nd3 44. Rh1 Rb5 45. Ra1 Bf8 46. Kg3 Bd6 47. Rc2 Kb6 48. Qd2
1/2-1/2

[Event "4NCL/Div2a/ANGA vs. WES2"]
[Site "Hinckley Island ENG"]
[Date "2008.12.07"]
[Round "4.1"]
[White "Munson, Shaun D"]
[Black "Clark, Ian C"]
[Result "1-0"]
[WhiteElo "2168"]
[BlackElo "2106"]
[PlyCount "84"]
[EventDate "2008.12.07"]
[SourceDate "2008.10.04"]

1. d4 Nf6 2. Bg5 d5 3. e3 c6 4. Bd3 Qb6 5. b3 Nbd7 6. Nf3 e6 7. O-O Be7 8. Nbd2
h6 9. Bh4 c5 10. Ne5 cxd4 11. exd4 g5 12. Bg3 Qxd4 13. Qe2 a6 14. Rfe1 Nc5 15.
c3 Qxc3 16. Rac1 Qa5 17. Bb1 Qb6 18. Kh1 Bd7 19. Nxd7 Ncxd7 20. Bc7 Qb4 21. Nf3
Qg4 22. Qb2 Rg8 23. Ne5 Qb4 24. Qe2 Nxe5 25. Bxe5 Qa5 26. Rc7 Nd7 27. Bg3 h5
28. Rec1 Rd8 29. Qxh5 Ba3 30. Rd1 Ke7 31. Qe2 Bd6 32. Rxb7 Bxg3 33. fxg3 Rc8
34. Rf1 Rc7 35. Rxc7 Qxc7 36. Qxa6 Rh8 37. Qa3+ Qd6 38. Qxd6+ Kxd6 39. Rxf7 Rc8
40. Rf1 Ne5 41. Rd1 Ng4 42. Bg6 Rc3 1-0

[Event "4NCL/Div2a/ANGA vs. WES2"]
[Site "Hinckley Island ENG"]
[Date "2008.12.07"]
[Round "4.2"]
[White "Pleasants, Allan J"]
[Black "Talsma, Paul A"]
[Result "0-1"]
[WhiteElo "2100"]
[BlackElo "2237"]
[PlyCount "80"]
[EventDate "2008.12.07"]
[SourceDate "2008.10.04"]

1. Nf3 f5 2. e4 fxe4 3. Ng5 Nc6 4. d3 e6 5. Be3 e5 6. g3 Nf6 7. Bg2 d5 8. Qe2
Be7 9. O-O O-O 10. c4 Bg4 11. Qc2 d4 12. Bc1 h6 13. Nxe4 Nxe4 14. Bxe4 Bh3 15.
Bg2 Bxg2 16. Kxg2 e4 17. dxe4 d3 18. Qb3 Qd4 19. c5+ Kh8 20. Qd5 Bxc5 21. Qxd4
Bxd4 22. Nd2 Nb4 23. Nb3 Rad8 24. Bd2 Nc2 25. Rab1 c5 26. Nxd4 Rxd4 27. e5 Re4
28. f4 Ne3+ 29. Bxe3 Rxe3 30. Rfe1 Rxe1 31. Rxe1 Rd8 32. Kf3 Kg8 33. e6 Re8 34.
f5 Kf8 35. b3 b5 36. Ke3 c4 37. bxc4 bxc4 38. Kd4 Rc8 39. g4 d2 40. Rd1 c3 0-1

[Event "4NCL/Div2a/ANGA vs. WES2"]
[Site "Hinckley Island ENG"]
[Date "2008.12.07"]
[Round "4.3"]
[White "Gregory, Stephen J"]
[Black "Buchkremer, Felix"]
[Result "1-0"]
[WhiteElo "2187"]
[BlackElo "2081"]
[PlyCount "87"]
[EventDate "2008.12.07"]
[SourceDate "2008.10.04"]

1. e4 e6 2. d3 d5 3. Nd2 Nf6 4. g3 b6 5. Bg2 Nc6 6. Ngf3 dxe4 7. Ng5 Bb7 8.
Ndxe4 Nxe4 9. Bxe4 h6 10. Nh3 Qd7 11. O-O O-O-O 12. Be3 f5 13. Bg2 g5 14. Qh5
Bg7 15. c3 e5 16. f4 Qxd3 17. Rae1 exf4 18. gxf4 g4 19. Nf2 Qd7 20. Qg6 Rdf8
21. Rd1 Qf7 22. Qxf7 Rxf7 23. Bd5 Re7 24. Bc1 Rhe8 25. Nh1 Nd8 26. Ng3 Rf8 27.
Bc4 a6 28. a4 c6 29. Bd3 Ref7 30. Be3 Kc7 31. a5 c5 32. axb6+ Kxb6 33. Bxf5 Bf3
34. Rd6+ Nc6 35. Rg6 Kc7 36. Bxc5 Rd8 37. Be6 Rfd7 38. Bxd7 Rxd7 39. Nf5 Be4
40. Rxg7 Bxf5 41. Rxd7+ Kxd7 42. Rd1+ Kc7 43. Rd5 Na5 44. Rxf5 1-0

[Event "4NCL/Div2a/ANGA vs. WES2"]
[Site "Hinckley Island ENG"]
[Date "2008.12.07"]
[Round "4.4"]
[White "Taylor-Bowd, Phil"]
[Black "Bucknell, Malcolm"]
[Result "1-0"]
[WhiteElo "2025"]
[BlackElo "2175"]
[PlyCount "71"]
[EventDate "2008.12.07"]
[SourceDate "2008.10.04"]

1. e4 c6 2. d4 d5 3. exd5 cxd5 4. c4 Nf6 5. Nc3 Nc6 6. Nf3 Bg4 7. cxd5 Nxd5 8.
Qb3 Bxf3 9. gxf3 Nb6 10. Be3 e6 11. O-O-O Rc8 12. Kb1 Be7 13. d5 Nxd5 14. Nxd5
exd5 15. Bh3 O-O 16. Bxc8 Qxc8 17. Rxd5 Qe6 18. Rc1 b6 19. Rdd1 Qg6+ 20. Qc2
Qxc2+ 21. Rxc2 Ne5 22. Rc7 Bf6 23. f4 Nf3 24. h3 Ra8 25. Rdd7 h5 26. Rxf7 Ng1
27. Rxa7 Re8 28. Rfb7 Nxh3 29. Rxb6 h4 30. Rab7 Rxe3 31. fxe3 Nf2 32. Rc6 h3
33. Rc1 h2 34. a4 Bh4 35. a5 Nd3 36. Rh1 1-0

[Event "4NCL/Div2a/ANGA vs. WES2"]
[Site "Hinckley Island ENG"]
[Date "2008.12.07"]
[Round "4.5"]
[White "Spence, David"]
[Black "Gregory, Keith D"]
[Result "1-0"]
[WhiteElo "2214"]
[BlackElo "2067"]
[PlyCount "81"]
[EventDate "2008.12.07"]
[SourceDate "2008.10.04"]

1. e4 d6 2. d4 g6 3. Nc3 Bg7 4. Bg5 a6 5. Qd2 Nc6 6. Nge2 h6 7. Bh4 g5 8. Bg3
e5 9. d5 Nce7 10. f3 Ng6 11. O-O-O N8e7 12. Bf2 Bd7 13. Kb1 b5 14. Nc1 Qb8 15.
N3e2 Nc8 16. Ng3 Bf6 17. Nh5 Be7 18. g3 Nb6 19. h3 a5 20. f4 gxf4 21. gxf4 exf4
22. Bd4 Ne5 23. Qxf4 Bg5 24. Qf2 Nbc4 25. Bxc4 bxc4 26. Bxe5 dxe5 27. Nf6+ Kd8
28. Nxd7 Kxd7 29. Qxf7+ Kd8 30. d6 cxd6 31. Qxc4 Ke7 32. Rhf1 Rh7 33. Rf3 Qc8
34. Qd5 Qa6 35. Rdf1 Bf4 36. Nd3 Rf7 37. Nxf4 exf4 38. e5 Raf8 39. exd6+ Qxd6
40. Re1+ Kd7 41. Qb5+ 1-0

[Event "4NCL/Div2a/ANGA vs. WES2"]
[Site "Hinckley Island ENG"]
[Date "2008.12.07"]
[Round "4.6"]
[White "Marsh, Roger"]
[Black "Gray, Mark S"]
[Result "1/2-1/2"]
[WhiteElo "2088"]
[BlackElo "2125"]
[PlyCount "58"]
[EventDate "2008.12.07"]
[SourceDate "2008.10.04"]

1. d4 Nf6 2. c4 e6 3. Nc3 d5 4. cxd5 exd5 5. Bg5 c6 6. e3 Bf5 7. Qb3 Qb6 8.
Bxf6 gxf6 9. Nf3 Nd7 10. Be2 Be7 11. Nd2 O-O-O 12. Rc1 Kb8 13. O-O Rdg8 14.
Qxb6 Nxb6 15. Kh1 Rg7 16. h4 Rhg8 17. g3 Bg4 18. Kh2 f5 19. Rg1 Bf6 20. f4 Re8
21. Bxg4 fxg4 22. Rge1 Rg6 23. b3 Bg7 24. Nf1 Rge6 25. Red1 Nc8 26. Rd3 Nd6 27.
Rc2 Nf5 28. Nd1 Bf8 29. Kg2 Bb4 1/2-1/2

[Event "4NCL/Div2a/ANGA vs. WES2"]
[Site "Hinckley Island ENG"]
[Date "2008.12.07"]
[Round "4.7"]
[White "Boulton, William"]
[Black "Tunks, Dominic"]
[Result "1/2-1/2"]
[WhiteElo "1990"]
[BlackElo "1945"]
[PlyCount "192"]
[EventDate "2008.12.07"]
[SourceDate "2008.10.04"]

1. d4 Nf6 2. c4 e6 3. Nc3 Bb4 4. f3 Nc6 5. e4 e5 6. d5 Bxc3+ 7. bxc3 Na5 8. Ba3
b6 9. Bd3 d6 10. Kf2 O-O 11. Ne2 Ba6 12. Ng3 Bxc4 13. Nf5 g6 14. Ne3 Bxd3 15.
Qxd3 Nh5 16. g3 Qd7 17. Kg2 Rfe8 18. Rhf1 Nb7 19. Bb2 Nc5 20. Qd2 Kh8 21. Rae1
f6 22. c4 Qg7 23. Kg1 Re7 24. Ng2 Kg8 25. Re2 Rf8 26. g4 Nf4 27. Nxf4 exf4 28.
g5 Nd7 29. Qxf4 Ne5 30. gxf6 Rxf6 31. Bxe5 Rxf4 32. Bxg7 Kxg7 33. Kg2 Kf6 34.
Re3 Ke5 35. Rd1 g5 36. Kf2 g4 37. Ke2 gxf3+ 38. Rxf3 Rxf3 39. Kxf3 Rf7+ 40. Ke3
Rf4 41. Rg1 Rxe4+ 42. Kd3 Rh4 43. Rg7 Rh3+ 44. Kc2 a6 45. Rxc7 b5 46. cxb5 axb5
47. Rb7 Kxd5 48. Rxb5+ Kc4 49. Rb7 Rxh2+ 50. Kb1 d5 51. a4 Kc3 52. Rc7+ Kb3 53.
a5 Rh1+ 54. Rc1 Rh4 55. Rc7 Rh1+ 56. Rc1 Rh4 57. Rc7 h5 58. a6 Ra4 59. a7 h4
60. Rh7 Kc3 61. Rxh4 Rxa7 62. Rh3+ Kd2 63. Rh2+ Kd3 64. Rh3+ Ke2 65. Rh2+ Kf3
66. Rh3+ Ke4 67. Rh4+ Kd3 68. Rh3+ Kc4 69. Kc2 Ra2+ 70. Kd1 Rg2 71. Rh8 Rg3 72.
Kd2 Rd3+ 73. Kc2 Rg3 74. Kd2 Ra3 75. Kd1 Ra2 76. Rh4+ d4 77. Rh8 Kc3 78. Rc8+
Kd3 79. Kc1 Ra1+ 80. Kb2 Rd1 81. Rd8 Ke2 82. Re8+ Kd2 83. Rh8 Re1 84. Rh4 d3
85. Rh2+ Re2 86. Rh1 Rg2 87. Kb1 Kc3 88. Kc1 Ra2 89. Kb1 Rb2+ 90. Ka1 Rc2 91.
Kb1 Kb3 92. Rh3 Rc3 93. Rh2 Kc4 94. Kb2 Rb3+ 95. Kc1 Kc3 96. Rc2+ dxc2 1/2-1/2

[Event "4NCL/Div2a/ANGA vs. WES2"]
[Site "Hinckley Island ENG"]
[Date "2008.12.07"]
[Round "4.8"]
[White "Thilaganathan, Jessica"]
[Black "Wallis, Ian"]
[Result "0-1"]
[WhiteElo "1891"]
[BlackElo "1951"]
[PlyCount "74"]
[EventDate "2008.12.07"]
[SourceDate "2008.10.04"]

1. d4 d5 2. c4 Nc6 3. Nc3 dxc4 4. d5 Ne5 5. f4 Ng4 6. e4 e5 7. f5 N4h6 8. Bxh6
Nxh6 9. Bxc4 a6 10. a4 Bxf5 11. Nf3 Bg4 12. h3 Bh5 13. g4 Bg6 14. Nxe5 Qh4+ 15.
Ke2 Bd6 16. Nxg6 hxg6 17. Qg1 f6 18. Qg2 Nf7 19. Kd2 O-O-O 20. Kc2 Qg5 21. Rab1
Be5 22. Nd1 Bd4 23. b4 Nd6 24. Bd3 Kb8 25. Nc3 Bxc3 26. Kxc3 Qe5+ 27. Kc2 g5
28. Rhe1 Rc8 29. Kb3 Rhe8 30. Rbc1 Nf7 31. Qf2 Qd6 32. Bf1 Ne5 33. Qc5 Nf3 34.
Qe3 Nxe1 35. Rxe1 c6 36. Qb6 Qc7 37. Qxc7+ Kxc7 0-1

[Event "4NCL/Div2a/OXF1 vs. ANGA"]
[Site "Sunningdale ENG"]
[Date "2009.01.17"]
[Round "5.1"]
[White "Savage, Ben D"]
[Black "Spence, David"]
[Result "1/2-1/2"]
[WhiteElo "2307"]
[BlackElo "2223"]
[PlyCount "99"]
[EventDate "2009.01.17"]
[SourceDate "2008.10.04"]

1. d4 e6 2. c4 Nf6 3. Nc3 Bb4 4. Qc2 O-O 5. a3 Bxc3+ 6. Qxc3 b6 7. Bg5 Bb7 8.
e3 h6 9. Bh4 d6 10. Ne2 Nbd7 11. Qd3 a6 12. Nc3 Qe8 13. f3 e5 14. Be2 exd4 15.
Qxd4 Qe5 16. Qxe5 dxe5 17. O-O-O Rfe8 18. Bd3 g5 19. Bg3 e4 20. Nxe4 Nxe4 21.
Bxe4 Bxe4 22. Rxd7 Bf5 23. Rd5 Be6 24. Rd3 Bxc4 25. Rc3 b5 26. Bxc7 a5 27. Bd6
a4 28. Rd1 Rad8 29. Bc5 Rxd1+ 30. Kxd1 Rd8+ 31. Ke1 Rd5 32. Bd4 f5 33. Rc2 f4
34. Kf2 fxe3+ 35. Kxe3 Rd8 36. Rf2 Re8+ 37. Kd2 Rd8 38. Kc3 Re8 39. Kd2 Rd8 40.
Kc3 Re8 41. f4 Re2 42. Rxe2 Bxe2 43. Be3 gxf4 44. Bxf4 h5 45. Kd4 Kf7 46. Ke5
Kg6 47. Bd2 Bf1 48. g3 Bh3 49. Kf4 Bg4 50. Bc3 1/2-1/2